000 00475nam a2200181Ia 4500
001 12884
005 20260306163013.0
008 260306t2001||||xx |||||||||||||| ||spa||
041 _aESP
082 _aRD 433.6
_bL29
100 _aMoragas, Elvira de (Dir)
_eAUT
245 0 _aLaruosse compact Diccionario:
_bEspañol-alemán - Deutsch-spanisch
260 _c2001
300 _axx, 650 páginas :
_c20 cm.
650 _aGEN
654 _aCHU
942 _cDIC
_dJUS
_fJUS
_2ddc
_n
999 _c12884
_d12884